State of the UK (Record no. 117941)

MARC details
000 -LEADER
fixed length control field 00913cam a2200229 4500
001 - CONTROL NUMBER
control field WB@3612-250
008 - FIXED-LENGTH DATA ELEMENTS--GENERAL INFORMATION
fixed length control field 040901n2004 000 0 eng u
035 ## - SYSTEM CONTROL NUMBER
System control number (Sirsi) u127244
245 ## - TITLE STATEMENT
Title State of the UK
260 ## - PUBLICATION, DISTRIBUTION, ETC.
Date of publication, distribution, etc. 2004
490 ## - SERIES STATEMENT
Series statement National Statistics Press Release
Volume/sequential designation 27 August 2004 (3)
520 ## - SUMMARY, ETC.
Summary, etc. Latest figures from the Office of National Statistics on "UK output, income and expenditure: 2nd quarter 2004" show that the UK GDP level is now 3.7% higher than the same quarter of 2003. Volume of output in the production industries rose by 0.9%, within which manufacturing rose by 0.9%. Construction growth is estimated to be 0.9%. http://www.statistics.gov.uk/pdfdir/gdp0804.pdf
590 ## - LOCAL NOTE (RLIN)
Local note WB
590 ## - LOCAL NOTE (RLIN)
Local note WB
650 ## - SUBJECT ADDED ENTRY--TOPICAL TERM
Topical term or geographic name entry element STATISTICS
650 ## - SUBJECT ADDED ENTRY--TOPICAL TERM
Topical term or geographic name entry element UNITED KINGDOM
650 ## - SUBJECT ADDED ENTRY--TOPICAL TERM
Topical term or geographic name entry element ECONOMICS
650 ## - SUBJECT ADDED ENTRY--TOPICAL TERM
Topical term or geographic name entry element NATIONAL ACCOUNTS
650 ## - SUBJECT ADDED ENTRY--TOPICAL TERM
Topical term or geographic name entry element GDP
690 ## - LOCAL SUBJECT ADDED ENTRY--TOPICAL TERM (OCLC, RLIN)
Topical term or geographic name as entry element ECONOMIC ISSUES
942 ## - ADDED ENTRY ELEMENTS (KOHA)
Suppress in OPAC 0
Holdings
Withdrawn status Lost status Source of classification or shelving scheme Damaged status Not for loan Home library Current library Shelving location Date acquired Total Checkouts Full call number Barcode Date last seen Copy number Price effective from Koha item type
    Dewey Decimal Classification     London London News article 01/09/2004   WB403408 127244-1001 06/08/2019 1 06/08/2019 News article